01244nam a2200289 a 450000100100000000500170001000800410002702000180006809000130008610000200009924501380011925000120025726000330026930000160030249000130031850000940033150000940042550000930051950000600061265000240067265000100069670000310070670000250073790100320076299900150079495201450080900003544320200120222235.0090617s2007 vena gr0 0 000 d a9788493486334 aAbRUBGd0 aRubio, Gabriela10a¿Dónde estoy? /cGabriela Rubio; edición a cargo de: María Cecilia Silva-Díaz; dirección de arte y diseño: Irene Savino. a1a. ed. aVenezuela :bEkaré,c2007. a12 p. : il. 0aPikinini aEj. de la Biblioteca de Marichuela con ISBN : 9789588445120 es la 3a. ed. del año 2011. aEj.3 de la Biblioteca Carlos E. Restrepo pertenece a la colección donada por Bibliored. aEj.3 de la Biblioteca Carlos E. Restrepo con ISBN: 9789588445120 3a. ed. del año 2011. aEj.1 de la Biblioteca Mosquera con ISBN: 9789588445120.14aLiteratura infantil14aAlbum1 aSilva-Díaz, Cecilia, ed.1 aSavino, Irene, dise. aCompra, Babel; $9.000, 2008 c2021d2021 00102ddc40708LIaBPMOSbBPMOSd2020-01-20i110152l8oA RUBGdpMOS482731r2026-04-24s2026-04-23tej.1w2020-01-20yBKLITzQuince días